Statistics for World Leaders of Asia Quiz

Click here to take the quiz!

General Stats

  • This quiz has been taken 124 times
  • The average score is 23 of 42

Answer Stats

PositionYearsLeader% Correct
North Korean
Supreme Leader
2011-Kim Jong-un
89%
Chinese President2012-Xi Jinping
88%
Indian
Prime Minister
1966-1977,
1980-1984
Indira Gandhi
79%
Iraqi President1979-2003Saddam Hussein
79%
Indian
Prime Minister
2014-Narendra Modi
78%
Japanese
Prime Minsiter
2006-2007,
2012-2020
Shinzo Abe
77%
North Vietnamese
President
1945-1969Ho Chi Minh
76%
Turkish President2014Recep Tayyip Erdoğan
76%
Syrian President2000-Bashar al-Assad
75%
Iranian Ayatollah1979-1989Ruhollah Khomeini
75%
Khmer Leader1963-1981Pol Pot
74%
Israeli Prime Minister1996-1999,
2009-
Benjamin Netanyahu
72%
Indonesian President1967-1998Suharto
65%
Indian
Prime Minister
1947-1964Jawaharlal Nehru
64%
Indonesian President1945-1967Sukarno
63%
Filipino President1965-1986Ferdinand Marcos
62%
Chinese President1978-1992Deng Xiaoping
61%
Saudi King2015-Salman
61%
Filipino President2016-Rodrigo Duterte
59%
Israeli Prime Minister1969-1974Golda Meir
56%
Israeli Prime Minister1948-1954,
1955-1963
David Ben-Gurion
54%
Saudi King2005-2015King Abdullah
54%
Pakistani
Prime Minister
1988-1990,
1993-1996
Benazir Bhutto
53%
Iranian Ayatollah1989-Ali Khamenei
52%
President of Taiwan1948-1949,
1950-1975
Chiang Kai-shek
52%
Pakistani
Prime Minister
2018-Imran Khan
51%
Prime Minister of
Singapore
1959-1990Lee Kuan Yew
47%
South Korean
President
2017-Moon Jae-in
47%
South Korean
President
1963-1979Park Chung-hee
43%
Kazakh President1990-2019Nursultan Nazarbayev
42%
Iranian President2005-2013Mahmoud Ahmadinejad
40%
Israeli Prime Minister1974-1977,
1992-1995
Yitzhak Rabin
40%
Afghan President2001-2014Hamid Karzai
38%
Filipino President1986-1992Corazon Aquino
37%
Indonesian President2014-Joko Widodo
37%
Iranian President2013-Hassan Rouhani
34%
Saudi King1953-1964Saud
29%
Saudi King1982-2005Fahd
27%
Japanese
Prime Minsiter
2020-Yoshihide Suga
25%
Turkmen President1990-2006Saparmurat Niyazov
24%
Afghan President2014-Ashraf Ghani
23%
Pakistani
Prime Minister
1990-1993,
1997-1999,
2013-2017
Nawaz Sharif
19%

Score Distribution

Percentile by Number Answered

Percent of People with Each Score

Your Score History

You have not taken this quiz